000
00280 a2200109 4500
001
3563
082
_a
( termite affected boarded out)
090
_c
2827
_d
2827
100
_a
Barraclough, J
245
_a
Progress of the Human mind, the( termite affected boarded out)
260
_b
Weidenfeld
942
_a
NUST-CAE
999
_c
238636
_d
238636